Missing Word: High Praise Movies Quiz Stats

 Plays Quiz Updated Nov 17, 2012

Support Sporcle.
Go Orange.
Score 0/16 Timer 03:00
1 Play Today
Movie Title Missing Word % Correct
The ________ HulkIncredible
97.2%
_______ ExpectationsGreat
96.1%
_______ Size MeSuper
90.3%
_____ Night and _____ LuckGood
90.3%
It's a ________ LifeWonderful
89.1%
The _______ Spider-ManAmazing
87.3%
_____ in ShowBest
78.8%
________ FourFantastic
74.9%
Movie Title Missing Word % Correct
Bill and Ted's _______ AdventureExcellent
72%
The League of ________ GentlemenExtraordinary
70.9%
The ________ Baker BoysFabulous
60.5%
Totally ______Awesome
44.8%
________ AphroditeMighty
41.1%
A _______ GetawayPerfect
25%
The ________ AmbersonsMagnificent
24.5%
My ______ CareerBrilliant
17.6%

Today's Daily Dose

Missing Word
'80s Musicals

Word Ladder
Hereditary

Get the Picture
Food Names

From the Vault

Drew Brees' Playoff Opponents

by ssorcd

Sports 2m
Playing football is probably a Brees for him.
Remove Ads.
Support Sporcle.
Get the best of Sporcle when you Go Orange. This ad-free experience offers more features, more stats, and more fun while also helping to support Sporcle. Thank you for becoming a member.

Show Comments

Extras

Top Quizzes Today


Score Distribution

Your Account Isn't Verified!

In order to create a playlist on Sporcle, you need to verify the email address you used during registration. Go to your Sporcle Settings to finish the process.

Report this User

Report this user for behavior that violates our Community Guidelines.

Details: